Drapeau du monde : niveau expert - Statistiques

Statistiques générales
  • Ce quiz a été pris 56 fois
  • Le résultat moyen est 9 sur 16
Statistiques - réponses
Par images Réponse % Correct
Eswatini
93%
Trinite et Tobago
89%
Antigua et Barbuda
84%
Kiribati
82%
Gibraltar
73%
Guam
73%
Iles Salomon
73%
Ile de Man
50%
Macao
48%
Guyane
41%
Jersey
39%
Niue
36%
Aruba
34%
Samoa Américaine
27%
Wallis et Futuna
27%
Sahara Occidental
20%
Aucun quiz correspondant
Distribution des résultats
% des personnes avec chaque résultat
Percentile par nombre de réponses
Votre historique - résultats
Vous n’avez pas pris ce quiz